| 000 | 02321nac a22003611u 4500 | ||
|---|---|---|---|
| 008 | 100303s2009 mau|||||r|||| 001 0 eng d | ||
| 010 | _a 2006036171 | ||
| 020 | _a0137029136 | ||
| 020 | _a9780137029136 | ||
| 035 | _a(OCoLC)ocm74916063 | ||
| 035 | _a(OCoLC)74916063 | ||
| 082 | 0 | 0 |
_a368.973 _bREJ _222 |
| 100 |
_aRejda, George E., _912219 |
||
| 245 | 1 | 0 |
_aPrinciples of Risk Management and Insurance / _cGeorge E. Rejda. |
| 250 |
_a11th ed., _bGlobal |
||
| 260 |
_aBoston : _bPearson/Addison Wesley, 2011 _c2011 |
||
| 300 |
_axx, 731 p. ; _c26 cm. |
||
| 490 |
_aThe Prentice -Hall Series in Finance _919996 |
||
| 504 | _aIncludes bibliographical references and index. | ||
| 650 | 0 |
_aInsurance. _912220 |
|
| 650 | 0 |
_aInsurance _912223 _zUnited States. |
|
| 650 | 0 |
_aRisk (Insurance) _912221 |
|
| 650 | 0 |
_aRisk management. _912222 |
|
| 856 | 4 | 1 |
_3Table of contents only _uhttp://www.loc.gov/catdir/toc/ecip074/2006036171.html |
| 942 |
_cNB _k368.973 REJ _2ddc |
||
| 999 |
_c14983 _d14983 |
||